000 00424nam a22001577a 4500
005 20250605154456.0
008 250605b |||||||| |||| 00| 0 eng d
020 _a978-013-156278-3
050 _aHA 29.A76 2007
100 _aARON ARTHUR
245 _aSTATISTICS FOR THE BEHAVIORAL AND SOCIAL SCIENCE
260 _aNEW JERSEY
_bPRENTICE HALL
_c2007
300 _aX,477
500 _aINCLUDES AN INDEX
942 _2lcc
_cBK
999 _c215604
_d215604